|
|
|
|
| LEADER |
00000nab a2200000 a 4500 |
| 001 |
vtls009173396 |
| 003 |
SK-MaSNL |
| 005 |
20260304223053.0 |
| 008 |
250506c1948 xo |r|p||||||||00 b|slo |
| 015 |
|
|
|a SNBRB2008/01
|2 snkbucl
|
| 035 |
|
|
|a (uuid)4ff77b78-4276-4c65-bf07-42bce13dd041
|
| 035 |
|
|
|a urn:nbn:sk:snk-ab1gez
|
| 035 |
|
|
|a (urnnbn)urn:nbn:sk:snk:ar-003jax
|
| 038 |
|
|
|a SNKBUCL
|
| 040 |
|
|
|a SNKBUCL
|b slo
|c SNKBUCL
|e AACR2
|
| 041 |
0 |
|
|a slo
|
| 044 |
|
|
|a xo
|c SK
|
| 080 |
|
|
|a 811.163.1
|x (075.3)
|2 2001
|
| 100 |
1 |
|
|a Horecký, Ján,
|d 1920-2006
|4 aut
|9 105131
|
| 245 |
1 |
0 |
|a Univ. prof. Dr. Ján Stanislav: Po stopách predkov
|c Ján Horecký
|
| 650 |
0 |
7 |
|a staroslovienčina
|2 snkbucl
|9 1344
|
| 650 |
0 |
7 |
|a staroslovienska literatúra
|2 snkbucl
|9 1482
|
| 650 |
0 |
7 |
|a učebnice stredných škôl
|2 snkbucl
|9 279723
|
| 650 |
0 |
7 |
|a čítanky
|2 snkbucl
|9 81647
|
| 655 |
|
7 |
|a recenzie
|2 snkbucl
|9 21907
|
| 773 |
0 |
|
|t Slovenská reč
|g Roč. XIII, č. 9-10 (1947/1948), s. 311-312
|
| 787 |
0 |
8 |
|i Rec.:
|a Stanislav, Ján, 1904-1977
|t Po stopách predkov
|d Bratislava : Štátne nakladateľstvo, 1948
|
| 850 |
|
|
|a Slovenská národná knižnica
|
| 852 |
|
|
|a Slovenská národná knižnica
|
| 954 |
|
|
|a odborná, vedecká literatúra pôvodná (slovenská)
|2 lita
|
| 958 |
|
|
|a article27
|
| 958 |
|
|
|a RC
|
| 958 |
|
|
|a OND
|
| 958 |
|
|
|a EUIPO
|
| 999 |
|
|
|c 3166237
|d 3168167
|